01084aam a2200373 450000500170000000800410001702000180005804100080007608200190008410000250010324500300012825000160015826000130017426000160018726000090020330000180021249000470023065000270027765000340030465000300033865000240036865000300039265000300042265000230045265000300047565000240050565000230052965000290055265000320058165000230061394200120063699900150064895200470066320250613140855.0150410b2006 xxu||||| |||| 00| 0 spa d a9789701056875 aESP a658.404 B116e5 aBaca Urbina, Gabriel aEvaluación de proyectos a5 edición aMéxico bMcGraw-Hill c2006 a392 páginas aDirección y Administración de Empresas aGERENCIA DE PROYECTOS  aADMINISTRACIÓN DE PROYECTOS aEVALUACIÓN DE PROYECTOS aESTUDIO DE MERCADO  aMÉTODOS DE PROYECCIÓN aANÁLISIS DE LOS PRECIOS a ESTUDIO TÉCNICO aINGENIERÍA DEL PROYECTO aESTUDIO ECONÓMICO aCOSTOS FINANCIEROS aEVALUACIÓN ECONÓMICA aADMINISTRACIÓN DEL RIESGO aCENTROS DE COMPUTO cBK2ddc c4462d4462 o658.404 B116e5p13407q2026-05-13xDAEyBK